| 000 | 01178nam a2200313 i 4500 | ||
|---|---|---|---|
| 001 | bg | ||
| 003 | BPK | ||
| 005 | 20201130141922.0 | ||
| 008 | 020306s2001 pl a f f |001 0 pol | ||
| 015 | _aPB 2002/4206 | ||
| 020 | _a8320425778 | ||
| 040 |
_aWA N _cWA N |
||
| 080 | _a539.3/.6 | ||
| 080 | _a620.17 | ||
| 080 | _a(075.8) | ||
| 100 | 1 |
_aBąk, Roman _d(1933- ). _eAutor |
|
| 245 | 1 | 0 |
_aWytrzymałość materiałów z elementami ujęcia komputerowego / _cRoman Bąk, Tadeusz Burczyński. |
| 260 |
_aWarszawa : _bWydawnictwa Naukowo-Techniczne, _c2001. |
||
| 300 |
_a584, [2] s., [12] s. tabl. kolor. : _bil. ; _c24 cm. |
||
| 504 | _aBibliogr. Indeks. | ||
| 521 | 8 | _aDla studentów wydziałów mechanicznych i budowlanych politechnik oraz dla inżynierów. | |
| 650 | 4 | _aWytrzymałość materiałów | |
| 655 | 4 | _aPodręczniki akademickie | |
| 700 | 1 |
_aBurczyński, Tadeusz _d(1949- ). _eAutor |
|
| 710 | 2 |
_aWydawnictwa Naukowo-Techniczne _4pbl. |
|
| 856 |
_uhttp://koha.tu.koszalin.pl/cgi-bin/koha/opac-detail.pl?biblionumber=40736 _yKatalog online BPK |
||
| 856 |
_uhttp://libra.ibuk.pl/book/195394 _yIBUK |
||
| 942 |
_2UKD _cKS |
||
| 999 |
_c40736 _d40736 |
||